[Event "?"]
[Site "?"]
[Date "????.??.??"]
[Round "?"]
[White "Ager, J."]
[Black "Schwier, M."]
[Result "1/2-1/2"]
[WhiteElo "2235"]
[BlackElo "2131"]
[PlyCount "118"]

1. d4 d5 2. c4 e6 3. Nc3 f5 4. Nf3 Nf6 5. Bf4 c6 6. e3 Be7 7. Bd3 O-O 8. Qc2
Na6 9. a3 Nc7 10. h3 dxc4 11. Bxc4 Ncd5 12. Bh2 Qa5 13. O-O Nxc3 14. bxc3 Ne4
15. Rfc1 Nd6 16. Bb3 Qd8 17. Ne5 Kh8 18. c4 Nf7 19. Nd3 Bd7 20. c5 Bf6 21. a4
Qa5 22. Bc4 Rae8 23. Qb2 Bc8 24. Qb3 g5 25. Qd1 Rg8 26. Qe1 Qd8 27. Rd1 g4 28.
hxg4 Rxg4 29. f3 Rg7 30. Ra2 Ng5 31. Kh1 Rg6 32. Ne5 Rg7 33. e4 Qe7 34. Re2
fxe4 35. fxe4 Nf7 36. Nf3 Rg4 37. e5 Bg7 38. Re4 Nh6 39. Bd3 Rg8 40. Rxg4 Nxg4
41. Bf4 Bh6 42. Bxh6 Nxh6 43. Qh4 Qxh4+ 44. Nxh4 Ng4 45. Rd2 Rg7 46. Nf3 Bd7
47. Bc4 Ne3 48. Ba2 Nd5 49. a5 a6 50. Bxd5 cxd5 51. Kg1 Rg4 52. Kf2 Bb5 53. Rd1
Kg7 54. Rh1 Kg6 55. Rh4 Rxh4 56. Nxh4+ Kg5 57. g3 h6 58. Ng2 Kf5 59. Kf3 Ba4
1/2-1/2

[Event "?"]
[Site "?"]
[Date "????.??.??"]
[Round "?"]
[White "Goldberg, V."]
[Black "Winiwarter, F."]
[Result "1-0"]
[WhiteElo "2054"]
[BlackElo "2175"]
[PlyCount "85"]

1. e4 e6 2. d4 d5 3. Nc3 Bb4 4. e5 c5 5. a3 Bxc3+ 6. bxc3 Qc7 7. Nf3 Ne7 8. Bd3
Nbc6 9. O-O h6 10. Re1 Bd7 11. dxc5 O-O-O 12. a4 Kb8 13. Ba3 Ka8 14. Qe2 f6 15.
exf6 gxf6 16. Nd4 Nxd4 17. cxd4 Nc6 18. c3 e5 19. Bb5 e4 20. Bc1 Rdg8 21. g3 h5
22. Qe3 h4 23. Qf4 Qc8 24. Qd6 hxg3 25. fxg3 Be6 26. Bf4 Rh7 27. Be3 Ne7 28.
Rf1 Rd8 29. Qf4 Nf5 30. Rf2 Rdh8 31. Rg2 Rg7 32. Re1 Rhg8 33. Bf1 Qe8 34. Qf2
Qxa4 35. Bf4 a6 36. Qb2 Qc6 37. Rb1 Ne7 38. Qa3 Qc8 39. Bxa6 bxa6 40. Rb8+ Qxb8
41. Bxb8 Kxb8 42. Qxa6 Bd7 43. Rb2+ 1-0

[Event "?"]
[Site "?"]
[Date "????.??.??"]
[Round "?"]
[White "Schmidt, G."]
[Black "Opl"]
[Result "1/2-1/2"]
[WhiteElo "2238"]
[BlackElo "2333"]
[PlyCount "107"]

1. d4 Nf6 2. Nf3 e6 3. c4 b6 4. e3 Bb7 5. Bd3 d5 6. Nc3 Bd6 7. O-O O-O 8. b3
Nbd7 9. Bb2 c5 10. Qe2 cxd4 11. exd4 Nh5 12. g3 Nhf6 13. Rad1 Re8 14. Ne5 a6
15. Rfe1 Qe7 16. f4 Bb4 17. Rf1 Rac8 18. Nb1 Qd8 19. a3 Bf8 20. Nd2 g6 21. Rc1
dxc4 22. bxc4 Nxe5 23. fxe5 Nd7 24. Be4 Bxe4 25. Nxe4 Be7 26. Qf3 Rf8 27. Rc2
f5 28. exf6 Nxf6 29. Qe2 Nxe4 30. Qxe4 Rxf1+ 31. Kxf1 Qd7 32. Re2 Rxc4 33.
Qxe6+ Qxe6 34. Rxe6 Rc2 35. Rxb6 Rxh2 36. Rb7 Bf6 37. Rb8+ Kg7 38. Rb7+ Kh6 39.
Rb6 Kg5 40. Bc1+ Kf5 41. Be3 Ke4 42. Bg1 Bxd4 43. Bxd4 Kxd4 44. Rxa6 Ke4 45.
Rf6 Ra2 46. a4 g5 47. Kg1 Rxa4 48. Rf2 h5 49. Kg2 Ra3 50. Rb2 Rd3 51. Rf2 g4
52. Rf4+ Ke3 53. Rf8 Rd2+ 54. Kg1 1/2-1/2

[Event "?"]
[Site "?"]
[Date "????.??.??"]
[Round "?"]
[White "Stuerzenbaum, A."]
[Black "Lenk, W."]
[Result "1/2-1/2"]
[WhiteElo "2212"]
[BlackElo "2232"]
[PlyCount "50"]

1. e4 d6 2. d4 Nf6 3. Nc3 g6 4. f4 Bg7 5. Nf3 O-O 6. Bd3 Nc6 7. Be3 Ng4 8. Bg1
e5 9. fxe5 dxe5 10. d5 Nd4 11. h3 Nh6 12. Bc4 Nxf3+ 13. Qxf3 f5 14. O-O-O Kh8
15. Qe2 a6 16. Bc5 Re8 17. Kb1 Nf7 18. h4 Nd6 19. h5 g5 20. Bxd6 cxd6 21. exf5
b5 22. Bd3 e4 23. Nxe4 Bxf5 24. Qf3 Bxe4 25. Bxe4 Rf8 1/2-1/2

[Event "?"]
[Site "?"]
[Date "????.??.??"]
[Round "?"]
[White "Petzold, H."]
[Black "Hicker, H."]
[Result "1/2-1/2"]
[WhiteElo "2151"]
[BlackElo "2156"]
[PlyCount "50"]

1. e4 e5 2. Nf3 Nc6 3. Bb5 a6 4. Ba4 Nf6 5. Qe2 b5 6. Bb3 Be7 7. c3 d6 8. d3
Na5 9. Bc2 c5 10. Nbd2 O-O 11. Nf1 g6 12. Bh6 Re8 13. h3 Bf8 14. Qd2 Bxh6 15.
Qxh6 Qe7 16. Ne3 Qf8 17. Qh4 Qg7 18. g4 Kh8 19. Rg1 c4 20. O-O-O cxd3 21. Bxd3
Be6 22. Bc2 Rad8 23. Kb1 Nc4 24. Nf5 Bxf5 25. exf5 e4 1/2-1/2

[Event "?"]
[Site "?"]
[Date "????.??.??"]
[Round "?"]
[White "Sattler, F."]
[Black "Kahn, M."]
[Result "0-1"]
[WhiteElo "2024"]
[BlackElo "2151"]
[PlyCount "32"]
[EventDate "2006.02.24"]

1. Nf3 d5 2. d4 Nc6 3. c4 Bg4 4. e3 e5 5. dxe5 d4 6. exd4 Bxf3 7. gxf3 Qxd4 8.
Qe2 O-O-O 9. f4 Bb4+ 10. Nd2 Bxd2+ 11. Bxd2 Qxb2 12. Rd1 Nd4 13. Qg4+ Kb8 14.
Bd3 Nh6 15. Qxg7 Nhf5 16. Bxf5 Nf3+ 0-1

[Event "?"]
[Site "?"]
[Date "????.??.??"]
[Round "?"]
[White "Wade, R."]
[Black "Biebinger, G."]
[Result "1/2-1/2"]
[WhiteElo "2171"]
[BlackElo "2315"]
[PlyCount "84"]
[EventDate "2006.02.24"]

1. e4 e6 2. d4 d5 3. Nd2 Nf6 4. e5 Nfd7 5. c3 c5 6. f4 cxd4 7. cxd4 Nc6 8. Ndf3
Nb6 9. Bd3 a5 10. Ne2 h5 11. O-O g6 12. Nc3 Bd7 13. a3 a4 14. Bb5 Ne7 15. Rb1
Ra5 16. Qd3 Nc4 17. Bxc4 dxc4 18. Qxc4 Bc6 19. Ng5 Nd5 20. Nge4 Be7 21. Bd2 h4
22. Nd6+ Bxd6 23. exd6 h3 24. g3 Qxd6 25. Ne4 Qd8 26. Bxa5 Qxa5 27. Qc5 Qxc5
28. dxc5 Ke7 29. Rfe1 Nf6 30. Nxf6 Kxf6 31. Kf2 Ra8 32. Rbc1 Ra5 33. Re3 Rb5
34. Rc2 g5 35. fxg5+ Kxg5 36. Ree2 Bd5 37. Rc3 f5 38. Ke3 e5 39. Rd2 Bc6 40.
Rf2 Be4 41. Rd2 Bc6 42. Rf2 Be4 1/2-1/2

[Event "?"]
[Site "?"]
[Date "????.??.??"]
[Round "?"]
[White "Villing, D."]
[Black "Byway, P."]
[Result "0-1"]
[WhiteElo "2261"]
[BlackElo "2203"]
[PlyCount "44"]
[EventDate "2006.02.24"]

1. e4 c5 2. Nf3 e6 3. d3 Nc6 4. g3 d5 5. Nbd2 Bd6 6. Bg2 Nge7 7. O-O O-O 8. Re1
Qc7 9. c3 d4 10. Nc4 e5 11. cxd4 cxd4 12. Bd2 b5 13. Nxd6 Qxd6 14. Qb3 Be6 15.
Qxb5 Rab8 16. Qa6 Rxb2 17. Bc1 Rb6 18. Qa4 f6 19. Ba3 Qd7 20. Nd2 Rfb8 21. Nb3
Rxb3 22. Bxe7 R3b5 0-1

[Event "?"]
[Site "?"]
[Date "????.??.??"]
[Round "?"]
[White "Funk, P."]
[Black "Farrand, J."]
[Result "1/2-1/2"]
[WhiteElo "2206"]
[BlackElo "2166"]
[PlyCount "92"]

1. d4 d6 2. Nf3 Nf6 3. Nc3 Nbd7 4. e4 e5 5. Bc4 h6 6. O-O Be7 7. h3 c6 8. a4
Qc7 9. Be3 g5 10. Nh2 Nf8 11. a5 Ng6 12. b4 Kf8 13. Bb3 Bd7 14. Qd3 Qc8 15. a6
b6 16. Ne2 Nf4 17. Bxf4 exf4 18. b5 cxb5 19. e5 dxe5 20. dxe5 Bf5 21. Qxb5 Ne4
22. Qd5 Bg6 23. Nf3 Kg7 24. e6 fxe6 25. Qb7 Qxb7 26. axb7 Rab8 27. Rxa7 Nc5 28.
Ned4 Rxb7 29. Nxe6+ Kf6 30. Rxb7 Nxb7 31. Nc7 Bf7 32. Rb1 Rc8 33. Nd5+ Bxd5 34.
Bxd5 Nd6 35. Re1 Bf8 36. Re6+ Kg7 37. Nd4 Rc5 38. Bb3 Nb5 39. Nf3 Nc7 40. Re1
Rc6 41. Nd4 Rf6 42. Ra1 Bc5 43. Nf3 b5 44. Re1 Ra6 45. Ne5 Bd4 46. Nd3 Ra1
1/2-1/2

[Event "?"]
[Site "?"]
[Date "????.??.??"]
[Round "?"]
[White "van Tonningen, R."]
[Black "Korchnoi, V."]
[Result "0-1"]
[WhiteElo "2146"]
[BlackElo "2608"]
[PlyCount "82"]

1. e4 c5 2. Nf3 e6 3. Nc3 d6 4. d3 Nc6 5. g3 g6 6. Bg2 Bg7 7. O-O Nge7 8. Be3
Nd4 9. Qd2 h6 10. Bxd4 cxd4 11. Nb5 Nc6 12. c3 e5 13. cxd4 exd4 14. Nh4 a6 15.
Na3 Bf6 16. Nf3 Be6 17. b3 Rc8 18. Rac1 Kf8 19. Rc2 Kg7 20. Rfc1 g5 21. h3 h5
22. h4 gxh4 23. gxh4 Bxh4 24. Qf4 Bf6 25. Kh1 h4 26. Rg1 Kf8 27. Bf1 Be5 28.
Nxe5 dxe5 29. Qh2 Qf6 30. f4 Qxf4 31. Qxf4 exf4 32. Rf2 Ne5 33. Rxf4 b5 34. Be2
Ke7 35. Rff1 Rc3 36. Rc1 Rhc8 37. Rxc3 Rxc3 38. Rd1 Bg4 39. Bxg4 Nxg4 40. Rd2
h3 41. Nc2 Kd6 0-1

[Event "?"]
[Site "?"]
[Date "????.??.??"]
[Round "?"]
[White "Oud, N."]
[Black "Bhend, E."]
[Result "0-1"]
[WhiteElo "2085"]
[BlackElo "2271"]
[PlyCount "86"]

1. d4 d5 2. c4 Nc6 3. e3 e6 4. Nf3 Nf6 5. Nc3 Ne4 6. cxd5 exd5 7. Bb5 Bb4 8.
O-O Bxc3 9. bxc3 O-O 10. Bxc6 bxc6 11. Ne5 Bd7 12. Qf3 f6 13. Nxd7 Qxd7 14. c4
f5 15. cxd5 cxd5 16. Ba3 Rf6 17. Rfc1 Nd2 18. Qf4 Nc4 19. Bc5 h6 20. h4 Rg6 21.
f3 Re8 22. Rc3 Ra6 23. Rb3 Kh7 24. a3 Qf7 25. Re1 Rae6 26. Bxa7 c6 27. Bc5 Rf6
28. Rb8 Rxb8 29. Qxb8 f4 30. exf4 Re6 31. Qb1+ Kg8 32. a4 Nd2 33. Qb8+ Kh7 34.
Rxe6 Qxe6 35. Qe5 Qg6 36. Qe2 Qb1+ 37. Kf2 Nc4 38. Kg3 Qc1 39. Bb4 Ne3 40. Be1
Nf5+ 41. Kg4 Qb1 42. Bf2 h5+ 43. Kxh5 Ng3+ 0-1

[Event "?"]
[Site "?"]
[Date "????.??.??"]
[Round "?"]
[White "Hohler, P."]
[Black "Monte, P."]
[Result "1/2-1/2"]
[WhiteElo "2183"]
[BlackElo "2117"]
[PlyCount "94"]

1. Nf3 e6 2. d4 f5 3. Bg5 Be7 4. Bxe7 Qxe7 5. Nbd2 Nf6 6. e3 d6 7. Bd3 e5 8.
dxe5 dxe5 9. Bc4 Nc6 10. a3 Bd7 11. Qe2 O-O-O 12. O-O-O Be8 13. Bb5 Nb8 14.
Bxe8 Rhxe8 15. h3 Nc6 16. Nb3 Ne4 17. Nfd2 Ng5 18. Nf3 Nf7 19. Rxd8+ Rxd8 20.
Rd1 Rxd1+ 21. Qxd1 Nfd8 22. Qd5 Qe6 23. Qd2 Qd6 24. Qe2 Ne6 25. Nfd2 g6 26. g3
b6 27. Qa6+ Kb8 28. Qc4 e4 29. Qc3 Ne5 30. Nc4 Nxc4 31. Qxc4 Kb7 32. Qc3 Ng5
33. h4 Nf3 34. Nd2 Qxd2+ 35. Qxd2 Nxd2 36. Kxd2 Kc6 37. c4 Kd6 38. b4 c6 39.
Kc3 a6 40. a4 c5 41. b5 axb5 42. axb5 Ke5 43. Kd2 h6 44. Ke2 g5 45. hxg5 hxg5
46. Kf1 f4 47. g4 f3 1/2-1/2

[Event "?"]
[Site "?"]
[Date "????.??.??"]
[Round "?"]
[White "Malmdin, N-A."]
[Black "Edwards, R."]
[Result "1/2-1/2"]
[WhiteElo "2245"]
[BlackElo "2093"]
[PlyCount "48"]
[EventDate "2006.02.24"]

1. e4 c6 2. c4 d5 3. exd5 cxd5 4. cxd5 Nf6 5. Nc3 Nxd5 6. Nf3 Nc6 7. Bb5 e6 8.
O-O Be7 9. d4 O-O 10. Re1 Nf6 11. a3 Bd7 12. Bd3 Rc8 13. Bc2 Qa5 14. Bg5 Rfd8
15. Qd3 g6 16. b4 Qc7 17. Ne4 Nxe4 18. Qxe4 Bxg5 19. Nxg5 Ne7 20. Qh4 h5 21.
Ne4 Nd5 22. Bb3 Qf4 23. Qxf4 Nxf4 24. g3 Nd3 1/2-1/2

[Event "?"]
[Site "?"]
[Date "????.??.??"]
[Round "?"]
[White "Singleton, M."]
[Black "Halleroed, R."]
[Result "0-1"]
[WhiteElo "2157"]
[BlackElo "2171"]
[PlyCount "77"]

1. d4 Nf6 2. c4 e6 3. Nc3 Bb4 4. e3 O-O 5. Nge2 b6 6. a3 Bxc3+ 7. Nxc3 Bb7 8.
Bd3 d5 9. b3 Ne4 10. Ne2 Nd7 11. O-O f5 12. Bb2 Rf6 13. Qe1 Rh6 14. f3 Qg5 15.
Nf4 Nd6 16. Rd1 Qf6 17. Rd2 g5 18. Ne2 Qe7 19. Nc3 Nf6 20. Re2 Rf8 21. c5 bxc5
22. dxc5 Nf7 23. b4 Ne5 24. Rd2 Nxd3 25. Rxd3 e5 26. e4 d4 27. Nd5 Nxd5 28.
exd5 Qg7 29. Rf2 Bxd5 30. Qc1 Rg6 31. b5 c6 32. a4 g4 33. f4 Be4 34. Rg3 h5 35.
fxe5 h4 36. Ra3 g3 37. hxg3 hxg3 38. Rff3 d3 39. Qc4+ 0-1

[Event "?"]
[Site "?"]
[Date "????.??.??"]
[Round "?"]
[White "Johannessen, S."]
[Black "Dueckstein, A."]
[Result "1/2-1/2"]
[WhiteElo "2252"]
[BlackElo "2276"]
[PlyCount "27"]

1. b3 e5 2. Bb2 Nc6 3. e3 d5 4. Bb5 Bd6 5. c4 dxc4 6. Bxc4 Nf6 7. Nc3 Qe7 8.
Nge2 a6 9. Ng3 Be6 10. O-O O-O 11. Qc2 Nb4 12. Qb1 g6 13. a3 Nbd5 14. Nce4
1/2-1/2

[Event "?"]
[Site "?"]
[Date "????.??.??"]
[Round "?"]
[White "Kristiansen, E."]
[Black "Seuss, O."]
[Result "0-1"]
[WhiteElo "2232"]
[BlackElo "2113"]
[PlyCount "82"]
[EventDate "2006.02.24"]

1. d4 Nf6 2. c4 g6 3. Nc3 Bg7 4. e4 d6 5. Nf3 O-O 6. Be2 e5 7. O-O Nc6 8. d5
Ne7 9. Ne1 Nd7 10. Nd3 f5 11. exf5 gxf5 12. f4 e4 13. Nf2 Nc5 14. Qc2 Ng6 15.
Be3 a5 16. Rac1 Bd7 17. b3 Qe7 18. a3 Rfe8 19. Nfd1 a4 20. bxa4 Nxa4 21. Nb5
Bxb5 22. cxb5 Nc5 23. Qa2 Kh8 24. Rc4 Ra5 25. Nc3 Rea8 26. Bc1 Nf8 27. Qc2 Nfd7
28. g4 Nb6 29. Rb4 fxg4 30. Nxe4 Nxd5 31. Ng5 Bf6 32. Bc4 Ne3 33. Qe2 Nxc4 34.
Qxc4 h6 35. Nf7+ Kg7 36. f5 Qxf7 37. Bxh6+ Kg8 38. Qxg4+ Kh8 39. Qh3 Rxa3 40.
Be3+ Qh7 41. Qf3 Re8 0-1

[Event "?"]
[Site "?"]
[Date "????.??.??"]
[Round "?"]
[White "Titz, H."]
[Black "Ofstad, P."]
[Result "1/2-1/2"]
[WhiteElo "2070"]
[BlackElo "2173"]
[PlyCount "33"]

1. e4 c6 2. Nf3 d5 3. Nc3 e6 4. g3 Bb4 5. a3 Ba5 6. Bg2 dxe4 7. Nxe4 Nf6 8. Qe2
O-O 9. O-O Nxe4 10. Qxe4 Qd5 11. Qe2 Qh5 12. Re1 Nd7 13. Ne5 Qxe2 14. Rxe2 Nxe5
15. Rxe5 Bb6 16. d3 f6 17. Re2 1/2-1/2

[Event "?"]
[Site "?"]
[Date "????.??.??"]
[Round "?"]
[White "Bondick, K-H."]
[Black "Liebert, H."]
[Result "0-1"]
[WhiteElo "2165"]
[BlackElo "2265"]
[PlyCount "68"]
[EventDate "2006.02.24"]

1. d4 Nf6 2. f3 d5 3. e4 e6 4. Be3 Be7 5. Nd2 O-O 6. Bd3 dxe4 7. fxe4 e5 8.
Ngf3 Ng4 9. Bg1 exd4 10. Bxd4 Nc6 11. c3 Nxd4 12. cxd4 Bf6 13. Nb3 Be6 14. d5
Bd7 15. Qe2 Ne5 16. Nbd4 Qe7 17. O-O Rfe8 18. Rac1 Bg4 19. h3 Nxd3 20. Qxd3
Bxf3 21. gxf3 Be5 22. Nf5 Qg5+ 23. Kf2 Qf4 24. Rh1 g6 25. Rcg1 Bxb2 26. h4 Kh8
27. Qc2 Qe5 28. Nh6 Re7 29. Rg5 f5 30. h5 Bd4+ 31. Kf1 Qf4 32. Qg2 Qc1+ 33. Ke2
Qc2+ 34. Kf1 Qd1# 0-1

[Event "?"]
[Site "?"]
[Date "????.??.??"]
[Round "?"]
[White "Tchetchelnitski, B."]
[Black "Soederborg, B."]
[Result "1-0"]
[WhiteElo "2204"]
[BlackElo "2147"]
[PlyCount "113"]

1. d4 Nf6 2. Nf3 g6 3. Bg5 Bg7 4. Nbd2 d5 5. e3 O-O 6. Be2 Ne4 7. Nxe4 dxe4 8.
Nd2 h6 9. Bf4 f5 10. h4 c5 11. c3 cxd4 12. cxd4 Nc6 13. Qb3+ e6 14. Rc1 Rf7 15.
Bg3 f4 16. Bxf4 Rxf4 17. exf4 Nxd4 18. Qe3 Nxe2 19. Qxe2 Qd5 20. Nxe4 Bd7 21.
Rd1 Qa5+ 22. Qd2 Qxd2+ 23. Rxd2 Bc6 24. f3 Rf8 25. h5 gxh5 26. Ng3 Bd5 27. Nxh5
Bh8 28. a3 Rc8 29. Kf2 Rc4 30. g3 Rc5 31. f5 Rb5 32. fxe6 Rxb2 33. Rxb2 Bxb2
34. Nf4 Bc6 35. Nd3 Bxa3 36. Ra1 Bd6 37. Rxa7 Kg7 38. Ra1 Kf6 39. Re1 Bd5 40.
Rh1 Kg6 41. Rb1 Kf6 42. Nf4 Bxf4 43. gxf4 Kxe6 44. Rh1 b5 45. Rxh6+ Kd7 46. Ke3
b4 47. Rb6 b3 48. Kd4 Kc7 49. Rb4 Kc6 50. f5 Bf7 51. f4 Bd5 52. f6 Bf7 53. f5
Bd5 54. Kc3 Bf7 55. Re4 Kd6 56. Re7 Bd5 57. Ra7 1-0

[Event "?"]
[Site "?"]
[Date "????.??.??"]
[Round "?"]
[White "Nordstroem, F."]
[Black "Schoene, A."]
[Result "1/2-1/2"]
[WhiteElo "2198"]
[BlackElo "2187"]
[PlyCount "111"]

1. e4 d5 2. exd5 Qxd5 3. Nc3 Qa5 4. Bc4 c6 5. d3 Bf5 6. Bd2 e6 7. Qe2 Nd7 8. g4
Bg6 9. h4 h6 10. Nd5 Qd8 11. Nf4 Ne7 12. O-O-O Qb6 13. Nf3 O-O-O 14. Nxg6 Nxg6
15. h5 Ne7 16. Ne5 Nxe5 17. Qxe5 Qc7 18. Qe3 Kb8 19. Bc3 Nd5 20. Bxd5 Rxd5 21.
Kb1 e5 22. d4 Qd7 23. Rd3 Qxg4 24. dxe5 Rxd3 25. cxd3 Be7 26. f4 Rd8 27. a3 Qf5
28. Qe4 Qd7 29. Rg1 Bf8 30. Rg3 c5 31. f5 Re8 32. Qf4 Kc8 33. d4 Qd5 34. dxc5
Qd1+ 35. Ka2 Qxh5 36. Bd4 Qh1 37. Rc3 Qd5+ 38. Kb1 Rd8 39. Be3 Be7 40. f6 gxf6
41. exf6 Bf8 42. c6 bxc6 43. Bxa7 Kb7 44. Be3 Re8 45. Qf2 Bd6 46. Bc5 Bxc5 47.
Rxc5 Qe4+ 48. Ka2 Qe3 49. Qxe3 Rxe3 50. Rh5 Rf3 51. Rxh6 Kc7 52. a4 Kb6 53. b4
c5 54. bxc5+ Kxc5 55. Kb2 Kb4 56. Kc2 1/2-1/2

[Event "?"]
[Site "?"]
[Date "????.??.??"]
[Round "?"]
[White "Korn, J-C."]
[Black "Svensson, L."]
[Result "1-0"]
[WhiteElo "2096"]
[BlackElo "2165"]
[PlyCount "95"]
[EventDate "2006.02.24"]

1. g3 d5 2. Bg2 c6 3. d3 e5 4. Nf3 Bd6 5. O-O Bg4 6. Nc3 Qd7 7. Re1 Nf6 8. e4
d4 9. Ne2 h6 10. Nexd4 Bb4 11. c3 Bxc3 12. bxc3 exd4 13. cxd4 O-O 14. Qb3 Bxf3
15. Bxf3 Qxd4 16. Bb2 Qb6 17. Qc3 Nbd7 18. Rab1 Rfe8 19. Ba1 Qc5 20. Qb3 Rad8
21. d4 Qb6 22. Qc2 Qa6 23. Re3 b5 24. Rc1 Rc8 25. Rc3 Nb6 26. Rc5 Nc4 27. a4
Qb7 28. e5 Nd7 29. Rxb5 Qa6 30. Rb4 Ncb6 31. Bg4 c5 32. Rxb6 Nxb6 33. Bxc8 Rxc8
34. dxc5 Qxa4 35. Qxa4 Nxa4 36. Bd4 Rd8 37. Rc4 Nxc5 38. Bxc5 Rd5 39. Bd6 a5
40. f4 f6 41. Kg2 g5 42. Kf3 Rd2 43. Ke4 gxf4 44. gxf4 fxe5 45. fxe5 Rxh2 46.
Rc7 h5 47. e6 Rg2 48. Rc8+ 1-0

[Event "?"]
[Site "?"]
[Date "????.??.??"]
[Round "?"]
[White "Salov, S."]
[Black "Clemens, C P."]
[Result "1/2-1/2"]
[WhiteElo "2304"]
[BlackElo "2295"]
[PlyCount "29"]

1. e4 d5 2. exd5 Nf6 3. d4 Nxd5 4. c4 Nb6 5. Nf3 Bg4 6. c5 N6d7 7. Bc4 e6 8. h3
Bxf3 9. Qxf3 Nc6 10. Be3 Qf6 11. Qxf6 Nxf6 12. Bb5 Nd5 13. Nc3 O-O-O 14. Nxd5
Rxd5 15. O-O-O 1/2-1/2

[Event "?"]
[Site "?"]
[Date "????.??.??"]
[Round "?"]
[White "Dornieden, M."]
[Black "Lomer, E."]
[Result "1-0"]
[WhiteElo "2284"]
[BlackElo "2143"]
[PlyCount "91"]

1. Nf3 d5 2. b3 c6 3. Bb2 Nf6 4. e3 Bg4 5. Be2 Nbd7 6. O-O e6 7. c4 Bd6 8. d4
Qe7 9. Nbd2 O-O 10. h3 Bxf3 11. Nxf3 Rac8 12. Bd3 Rfe8 13. Rc1 e5 14. dxe5 Nxe5
15. cxd5 Nxd5 16. Nxe5 Bxe5 17. Bxe5 Qxe5 18. Rc4 Rcd8 19. Re4 Qf6 20. Rxe8+
Rxe8 21. Qc2 g6 22. Qc5 Qc3 23. Bc4 a6 24. Qa7 Qb4 25. Bxd5 cxd5 26. Rd1 Rd8
27. g3 Kf8 28. Kg2 Qe4+ 29. Kg1 Qf3 30. Qd4 h5 31. Rc1 Qe4 32. Qf6 Qe8 33. Rc7
Kg8 34. Rxb7 Rc8 35. Re7 Qf8 36. Kg2 a5 37. Qe5 Qd8 38. Rb7 Ra8 39. Rb5 Qc8 40.
Qxd5 Qa6 41. Rb7 Rf8 42. Rc7 Qb6 43. Rc6 Rd8 44. Rxg6+ Qxg6 45. Qxd8+ Kg7 46.
Qxa5 1-0

[Event "?"]
[Site "?"]
[Date "????.??.??"]
[Round "?"]
[White "Drebes, G."]
[Black "Jentsch, D."]
[Result "1/2-1/2"]
[WhiteElo "2061"]
[BlackElo "2196"]
[PlyCount "40"]
[EventDate "2006.02.24"]

1. c4 e5 2. Nc3 Bc5 3. Nf3 Nc6 4. g3 d6 5. Bg2 Be6 6. d3 Qd7 7. O-O Bh3 8. e3
Bxg2 9. Kxg2 Bb4 10. Nd5 Nge7 11. a3 Ba5 12. b4 Bb6 13. Bb2 Nxd5 14. cxd5 Ne7
15. Qb3 O-O 16. Rac1 Ng6 17. h4 h5 18. Qd1 f6 19. Nd2 Qf7 20. Qf3 Ne7 1/2-1/2

[Event "?"]
[Site "?"]
[Date "????.??.??"]
[Round "?"]
[White "Pape, M."]
[Black "Staller, P."]
[Result "0-1"]
[WhiteElo "2222"]
[BlackElo "2243"]
[PlyCount "94"]
[EventDate "2006.02.24"]

1. d4 Nf6 2. Nc3 d5 3. Bg5 Nbd7 4. f3 c6 5. e4 dxe4 6. fxe4 e5 7. dxe5 Qa5 8.
Bxf6 gxf6 9. e6 fxe6 10. Be2 Bb4 11. Bh5+ Ke7 12. Qf3 Bxc3+ 13. bxc3 Rg8 14.
Ne2 Qg5 15. Ng3 Ne5 16. Qe2 b5 17. O-O Nc4 18. Rae1 Qc5+ 19. Kh1 Ne5 20. Qd2
Nc4 21. Qh6 Qg5 22. Qxg5 Rxg5 23. Rf2 Bd7 24. Be2 Nd6 25. Bf3 Rc5 26. Rd1 Nf7
27. e5 Rxe5 28. Ne4 f5 29. Rfd2 Rd8 30. Nf2 Rc5 31. Bh5 Be8 32. Rxd8 Nxd8 33.
Bxe8 Kxe8 34. Rd3 Re5 35. g4 Re2 36. Kg1 Nf7 37. gxf5 exf5 38. c4 Rxc2 39. cxb5
cxb5 40. Rd5 a6 41. a4 b4 42. Nd3 b3 43. Rxf5 Rd2 44. Rf3 Ke7 45. Nf2 b2 46.
Rb3 Ne5 47. Kf1 Nc4 0-1

[Event "?"]
[Site "?"]
[Date "????.??.??"]
[Round "?"]
[White "Zunker, R."]
[Black "Perk, E."]
[Result "1-0"]
[WhiteElo "2190"]
[BlackElo "2057"]
[PlyCount "89"]

1. e4 c6 2. d4 d5 3. e5 Bf5 4. Be3 e6 5. Nd2 Nd7 6. Ne2 h6 7. Ng3 Bg6 8. Be2
Ne7 9. O-O Nf5 10. Nxf5 Bxf5 11. f4 h5 12. h3 g6 13. c4 dxc4 14. Bxc4 Nb6 15.
Qb3 Qe7 16. a3 Nd5 17. Rac1 Bh6 18. Nf3 Bxf4 19. Bxd5 Bxe3+ 20. Qxe3 exd5 21.
Ng5 f6 22. Nf3 fxe5 23. Nxe5 O-O-O 24. b4 a6 25. Rc5 Rd6 26. a4 b6 27. Rc3 Kb7
28. Rfc1 Rc8 29. Qf4 Rf6 30. Qg5 Qf8 31. Rf3 h4 32. Nd7 Bxd7 33. Rxf6 Qxb4 34.
Qxh4 Bf5 35. Rf7+ Rc7 36. Rxc7+ Kxc7 37. Qf6 c5 38. dxc5 b5 39. axb5 axb5 40.
Qd6+ Kc8 41. Qf8+ Kc7 42. Qg7+ Kc6 43. Qf6+ Kc7 44. Qd6+ Kc8 45. Qxd5 1-0

[Event "?"]
[Site "?"]
[Date "????.??.??"]
[Round "?"]
[White "Grabitz"]
[Black "Escher, H."]
[Result "1-0"]
[WhiteElo "2065"]
[BlackElo "2084"]
[PlyCount "98"]

1. d4 d5 2. Bf4 Nf6 3. e3 e6 4. Nd2 Bd6 5. Ngf3 c5 6. Ne5 Qc7 7. c3 Nc6 8. Ndf3
Nd7 9. Nxd7 Bxd7 10. Bxd6 Qxd6 11. Bd3 g6 12. O-O f5 13. c4 cxd4 14. exd4 O-O
15. Re1 Rfe8 16. a3 Rad8 17. c5 Qc7 18. Bb5 Nb8 19. Bf1 a6 20. b4 b5 21. cxb6
Qxb6 22. Qd2 Qd6 23. Rac1 Bc8 24. Ne5 Bb7 25. Rc5 Nd7 26. Nxd7 Rxd7 27. Qc3
Rde7 28. Re5 Kf7 29. a4 Qb8 30. Re1 Rc8 31. Rxc8 Qxc8 32. Qxc8 Bxc8 33. Rc1 Bb7
34. f4 Kf6 35. b5 axb5 36. Bxb5 g5 37. g3 gxf4 38. gxf4 Rg7+ 39. Kf2 Rg8 40.
Rc7 Rg7 41. Rxg7 Kxg7 42. Kg3 Bc8 43. Kf3 Kf6 44. Ke3 Ke7 45. Kd3 Kd6 46. Kc3
Kc7 47. Kb4 Bb7 48. Kc5 h6 49. a5 Bc8 1-0

[Event "?"]
[Site "?"]
[Date "????.??.??"]
[Round "?"]
[White "Bomert, E."]
[Black "Hentzschel, E."]
[Result "1/2-1/2"]
[WhiteElo "2172"]
[BlackElo "1954"]
[PlyCount "47"]

1. Nf3 Nf6 2. c4 e6 3. b3 b6 4. Bb2 Bb7 5. g3 d5 6. Bg2 Nbd7 7. O-O c5 8. cxd5
exd5 9. d4 Be7 10. Nc3 O-O 11. e3 Rc8 12. Bh3 a6 13. Ne5 Rc7 14. Nxd7 Nxd7 15.
Na4 Bf6 16. Ba3 Re8 17. Rc1 cxd4 18. Rxc7 Qxc7 19. exd4 Nf8 20. Bb2 Qd6 21. Re1
Rxe1+ 22. Qxe1 Ne6 23. Qe3 g6 24. Bg2 1/2-1/2

[Event "?"]
[Site "?"]
[Date "????.??.??"]
[Round "?"]
[White "Potthammel, J."]
[Black "Hampel, J."]
[Result "1/2-1/2"]
[WhiteElo "2109"]
[BlackElo "2194"]
[PlyCount "33"]

1. e4 e6 2. d4 d5 3. Nc3 Nf6 4. e5 Nfd7 5. f4 c5 6. Nf3 Nc6 7. Be3 a6 8. a3 b5
9. Ne2 Qb6 10. c3 a5 11. g3 Ba6 12. Bh3 cxd4 13. cxd4 b4 14. Kf2 g6 15. Qd2 Be7
16. Rhc1 O-O 17. Bf1 1/2-1/2

[Event "?"]
[Site "?"]
[Date "????.??.??"]
[Round "?"]
[White "Dorawa, B."]
[Black "Schroeder, C."]
[Result "1/2-1/2"]
[WhiteElo "2110"]
[BlackElo "2055"]
[PlyCount "69"]

1. e4 c5 2. Nc3 Nc6 3. g3 g6 4. Bg2 Bg7 5. d3 e6 6. Be3 d6 7. f4 Nge7 8. Nf3
Qb6 9. Rb1 d5 10. Bd2 Nd4 11. O-O c4 12. Kh1 Nxf3 13. Qxf3 d4 14. Ne2 Qa6 15.
dxc4 Qxc4 16. c3 dxc3 17. Bxc3 Bxc3 18. Nxc3 Bd7 19. Rbc1 Qb4 20. Qf2 O-O 21.
Rfd1 Rfd8 22. e5 Bc6 23. a3 Qb3 24. Bxc6 Nxc6 25. Rxd8+ Rxd8 26. Re1 Na5 27.
Ne4 Nc4 28. Re2 b6 29. Kg2 Rd1 30. g4 Qd3 31. Nf6+ Kg7 32. Ne8+ Kf8 33. Nf6 Kg7
34. Ne8+ Kh8 35. Nf6 1/2-1/2

[Event "?"]
[Site "?"]
[Date "????.??.??"]
[Round "?"]
[White "Kuehn, P."]
[Black "Schroeter, H."]
[Result "0-1"]
[WhiteElo "2048"]
[BlackElo "2033"]
[PlyCount "86"]
[EventDate "2006.02.24"]

1. e4 e5 2. Nf3 Nc6 3. d4 exd4 4. Nxd4 Nf6 5. Nxc6 bxc6 6. e5 Nd5 7. c4 Nb6 8.
Bd3 Be7 9. O-O O-O 10. Nc3 d5 11. exd6 cxd6 12. b3 Bf6 13. Bb2 d5 14. Qc2 g6
15. Rad1 Be6 16. cxd5 cxd5 17. Ne2 Rc8 18. Qb1 Nd7 19. Nd4 Ne5 20. Bc2 Qb6 21.
Kh1 Bg7 22. h3 Rc7 23. f4 Nc6 24. Nxe6 fxe6 25. Bxg7 Kxg7 26. Qb2+ Kg8 27. Rf3
Nb4 28. Bb1 Qd6 29. Qd2 Rfc8 30. Rg3 Nc6 31. h4 Rf8 32. Rf3 Rcf7 33. h5 Rxf4
34. Rxf4 Rxf4 35. g3 Rg4 36. Rg1 Ne5 37. Qc3 d4 38. Qc8+ Kg7 39. Qb7+ Qd7 40.
Qb8 Qd5+ 41. Rg2 Rxg3 42. h6+ Kxh6 43. Qf8+ Kh5 0-1